000 00842nam a2200241 i 4500
001 bg
245 0 0 _aCo to jest parytet?.
260 _aWarszawa :
_bSekretariat Pełnomocnika Rządu ds. Równego Statusu Kobiet i Mężczyzn,
_c2002.
300 _a68, [3] s. :
_bil. ;
_c21 cm.
490 1 _aZeszyty Pełnomocnika Rządu ds. Równego Statusu Kobiet i Mężczyzn ;
_vz. 2
650 9 _aKobieta
_xa polityka
650 9 _aKobieta
_xa polityka
_zPolska
_yod 1989 r.
650 9 _aRównouprawnienie płci
_zEuropa
_yod 1989 r.
830 _aZeszyty Pełnomocnika Rządu ds. Równego Statusu Kobiet i Mężczyzn ;
020 _a8388353705
040 _cBPK
041 0 _apol
044 _aPOL
080 _a32:316.346.2-055.2:396](4:438)"1989/..."
920 _a83-88353-70-5
942 _cKS
008 100824s2006 pl a |000 0 pol
999 _c50816
_d50816
856 _uhttp://koha.tu.koszalin.pl/cgi-bin/koha/opac-detail.pl?biblionumber=50816
_yKatalog online BPK